书目信息 |
| 题名: |
普通物理学
|
|
| 作者: | 梁绍华 主编 | |
| 分册: | 第二分册 热学 | |
| 出版信息: | 高教京 2006.11 |
|
| 页数: | 228页 | |
| 开本: | 20cm | |
| 丛书名: | ||
| 单 册: | ||
| 中图分类: | O4 | |
| 科图分类: | ||
| 主题词: | 物理学 | |
| 电子资源: | ||
| ISBN: | 978-7-04-020056-0 | |
| 000 | 00683nam0 2200253 45 | |
| 001 | 0930167621 | |
| 005 | 20091028082429.76 | |
| 010 | @a978-7-04-020056-0@dCNY17.00 | |
| 100 | @a20090515d2006 ekmy0 y0120 ea | |
| 102 | @aCN@b130000 | |
| 102 | @aCN@b110000 | |
| 105 | @ay z 000yy | |
| 200 | 1 | @a普通物理学@Apu tong wu li xue@h第二分册@i热学@f梁绍华主编@Fliang shao hua zhu bian |
| 205 | @a第3版 | |
| 210 | @c高教京@d2006.11 | |
| 210 | @a北京@c高等教育出版社 | |
| 215 | @a228页@d20cm | |
| 517 | 1 | @a热学@Are xue |
| 606 | 0 | @a物理学 |
| 690 | @aO4@v4 | |
| 701 | 0 | @a梁绍华@Aliang shao hua@4主编 |
| 801 | 0 | @aCN@c20091028 |
| 905 | @a10447@dO4@eL410 | |
| 906 | @d17@n2@r1 | |
| 普通物理学.第二分册.热学/梁绍华主编.-第3版.-高教京,2006.11.-北京:高等教育出版社 |
| 228页;20cm |
| ISBN 978-7-04-020056-0:CNY17.00 |
| ● |
| 相关链接 |
|
|
|
正题名:普通物理学
索取号:O4/L410
 
预约/预借
| 序号 | 登录号 | 条形码 | 馆藏地/架位号 | 状态 | 备注 |
| 1 | 655699 | 206556993 | 自科库401/401自科库 54排1列5层/ [索取号:O4/L410] | 在馆 | |
| 2 | 655700 | 206557000 | 自科库401/401自科库 54排1列5层/ [索取号:O4/L410] | 在馆 |